Átöröklés, leszármazás
Elmentve itt :
| Szerző: | |
|---|---|
| Adatforrás: | Philobibl |
| Forrásdokumentuma: | Bölcseleti Folyóirat 1895 498-505. p. |
| Dokumentumtípus: | Cikk |
| Nyelv: | magyar |
| LEADER | 00282nab a2200097 c 4500 | ||
|---|---|---|---|
| 001 | bibDOK00013805 | ||
| 005 | 20200924120849.1 | ||
| 008 | 060518s1895 xx hun | ||
| 100 | 1 | |a Kozáry Gyula | |
| 245 | 1 | 0 | |a Átöröklés, leszármazás |c Kozáry Gyula |
| 773 | 0 | |t Bölcseleti Folyóirat 1895 |g 498-505. p. | |